000 00534nam a22002177a 4500
001 87526
003 UA-OsUOA
005 20211108222433.0
007 ta
008 20120919b un ||||| |||| 00| 0 ukr d
040 _aUA-OsUOA
_brus
_cUA-OsUOA
_dUA-OsUOA
041 _arus
080 _a94(47+571)
090 _a94(47+571)
_bН53
245 _aНепролетарские партии России
260 _aМ.
_bМысль
_c1984
300 _a566 с.
650 7 _a94 Історія
_2UDC
942 _cBK
_2udc
955 _a2
999 _c373944
_d373944